Największe miasta w Polsce pod względem powierzchni - Statystyki

Ogólne statystyki
  • Ten quiz został rozwiązany 65 razy
  • Średni wynik to 8 z 10
Statystyki odpowiedzi
Powierzchnia (ha) Miasto % Poprawnych
51 720 Warszawa
100%
68 300 Gdańsk
98%
32 685 Kraków
96%
26 191 Poznań
92%
29 281 Wrocław
89%
30 062 Szczecin
87%
39 151 Gdynia
85%
29 325 Łódź
83%
27 827 Zielona Góra
49%
20 207 Świnoujście
23%
Nie znaleziono quizów pasujących do podanych kryteriów
Rozkład punktacji
Procent ludzi z każdym wynikiem
Percentyl według liczby udzielonych odpowiedzi
Twoja historia wyników
Nie rozwiązałeś tego quizu